Score 0/20 Timer 03:00
0 Plays Today
Title Word % Correct
(B) I Know Why the Caged ____ SingsBird
98.3%
(G) The ____ of WrathGrapes
97.1%
(M) Of ____ and MenMice
97.1%
(E) East of ____Eden
96%
(F) The Maltese ____Falcon
95.9%
(P) The ____ Always Rings TwicePostman
91.2%
(J) The ____ Luck ClubJoy
89.8%
(Z) Less Than ___Zero
89.2%
(C) L.A. ____Confidential
87.4%
(I) Double ____Indemnity
80.9%
Title Word % Correct
(H) ____ of Sand and FogHouse
72.9%
(A) Do ____ Dream of Electric Sheep?Androids
71.1%
(S) The Big ____Sleep
66.5%
(W) ____ OleanderWhite
66.3%
(D) Island of the Blue ____Dolphins
55.3%
(Y) ____ in Revolt: The Journals of Nick TwispYouth
54.1%
(T) ____ FlatTortilla
50%
(L) The Day of the ____Locust
35.1%
(K) The ___ God's Wife Kitchen
27.6%
(V) The ____ of the MoonValley
24.3%

Today's Daily Dose

Remove Ads.
Support Sporcle.
Get the best of Sporcle when you Go Orange. This ad-free experience offers more features, more stats, and more fun while also helping to support Sporcle. Thank you for becoming a member.

You're not logged in!

Compare scores with friends on all Sporcle quizzes.
OR
Log In

Show Comments

Extras

Top Quizzes Today


Score Distribution

Your Account Isn't Verified!

In order to create a playlist on Sporcle, you need to verify the email address you used during registration. Go to your Sporcle Settings to finish the process.

Report this User

Report this user for behavior that violates our Community Guidelines.

Details: